| 000 | 00797nam a2200169 i 4500 | ||
|---|---|---|---|
| 001 | 185120 | ||
| 003 | ES-MaACL | ||
| 005 | 20251003180806.0 | ||
| 008 | 160323s1890 fr |||| | fre d | ||
| 245 | 0 | 0 |
_aCatalogue de livres provenant de la bibliothèque de feu M. le marquis de Queux de Saint-Hilaire _b: la vente aura lieu le lundi 5 janvier 1891...Rue des Bons-Enfants / _cpar le ministère de Me Maurice Delestre, commissaire-priseur ; assisté de M. Ernest Leroux, libraire-éditeur. |
| 260 |
_aParis : _bErnest Leroux, _c1890. |
||
| 300 |
_a120 p. ; _c25 cm. |
||
| 600 | 1 | 7 |
_aQueux de Saint-Hilaire, Auguste-Henry-Edouard, _cmarquis de, _d1837-1889- _xBiblioteca _2 _9159191 |
| 650 | 0 | 4 |
_aLibros- _vCatálogos de subastas. _914429 |
| 852 |
_aES-MaACL _j1507-F-9 |
||
| 999 |
_c185120 _d185120 |
||